Biomedical technology and devices handbook / (Record no. 61125)

000 -LEADER
fixed length control field 01523cam a22003494a 4500
001 - CONTROL NUMBER
control field 13134381
003 - CONTROL NUMBER IDENTIFIER
control field NUST-PNEC
005 - DATE AND TIME OF LATEST TRANSACTION
control field 20170116180715.0
008 - FIXED-LENGTH DATA ELEMENTS--GENERAL INFORMATION
fixed length control field 030324s2004 flua bf 001 0 eng
010 ## - LIBRARY OF CONGRESS CONTROL NUMBER
LC control number 2003046278
020 ## - INTERNATIONAL STANDARD BOOK NUMBER
International Standard Book Number 0849311403
040 ## - CATALOGING SOURCE
Transcribing agency PNEC
042 ## - AUTHENTICATION CODE
Authentication code pcc
050 00 - LIBRARY OF CONGRESS CALL NUMBER
Classification number R856.15
Item number .B565 2004
082 00 - DEWEY DECIMAL CLASSIFICATION NUMBER
Classification number 610.28 MOO
Edition number 21
100 ## - MAIN ENTRY--PERSONAL NAME
9 (RLIN) 670
Personal name Moore, James
245 00 - TITLE STATEMENT
Title Biomedical technology and devices handbook /
Statement of responsibility, etc. edited by James Moore, George Zouridakis.
260 ## - PUBLICATION, DISTRIBUTION, ETC.
Place of publication, distribution, etc. Boca Raton :
Name of publisher, distributor, etc. CRC Press,
Date of publication, distribution, etc. c2004.
300 ## - PHYSICAL DESCRIPTION
Extent 1 v. (various pagings) :
Other physical details ill. ;
Dimensions 26 cm.
440 #4 - SERIES STATEMENT/ADDED ENTRY--TITLE
Title The mechanical engineering handbook series
500 ## - GENERAL NOTE
General note Includes Index http://www.amazon.com/Biomedical-Technology-Handbook-Mechanical-Engineering/dp/0849311403/ref=sr_1_1?s=books&ie=UTF8&qid=1413461013&sr=1-1&keywords=0849311403
504 ## - BIBLIOGRAPHY, ETC. NOTE
Bibliography, etc. note Includes bibliographical references and index.
650 #0 - SUBJECT ADDED ENTRY--TOPICAL TERM
Topical term or geographic name entry element Biomedical engineering
Form subdivision Handbooks, manuals, etc.
General subdivision General
650 #0 - SUBJECT ADDED ENTRY--TOPICAL TERM
Topical term or geographic name entry element Medical instruments and apparatus
Form subdivision Handbooks, manuals, etc.
700 1# - ADDED ENTRY--PERSONAL NAME
Personal name Moore, James E.,
Titles and other words associated with a name Jr.,
Dates associated with a name 1964-
700 1# - ADDED ENTRY--PERSONAL NAME
Personal name Zouridakis, George.
856 42 - ELECTRONIC LOCATION AND ACCESS
Materials specified Book review (E-STREAMS)
Uniform Resource Identifier <a href="http://www.e-streams.com/es0710/es0710_3637.html">http://www.e-streams.com/es0710/es0710_3637.html</a>
856 42 - ELECTRONIC LOCATION AND ACCESS
Materials specified Publisher description
Uniform Resource Identifier <a href="http://www.loc.gov/catdir/enhancements/fy0646/2003046278-d.html">http://www.loc.gov/catdir/enhancements/fy0646/2003046278-d.html</a>
906 ## - LOCAL DATA ELEMENT F, LDF (RLIN)
a 7
b cbc
c orignew
d 1
e ocip
f 20
g y-gencatlg
942 ## - ADDED ENTRY ELEMENTS (KOHA)
Source of classification or shelving scheme
Koha item type Book
Holdings
Withdrawn status Lost status Source of classification or shelving scheme Damaged status Not for loan Permanent Location Current Location Shelving location Date acquired Source of acquisition Cost, normal purchase price Total Checkouts Full call number Barcode Date last seen Cost, replacement price Price effective from Koha item type
          Pakistan Navy Engineering College (PNEC) Pakistan Navy Engineering College (PNEC) Reference 05/04/2004 Vanguard Books 12633.49   610.28 MOO PNECLIB-026526 10/16/2014 12633.49 05/04/2004 Book
© 2023 Central Library, National University of Sciences and Technology. All Rights Reserved.